Những vấn đề cơ bản về hệ thống chính trị, nhà nước và pháp luật xã hội chủ nghĩa

Đã lưu trong:
Bibliografiske detaljer
Hovedforfatter:  Những vấn đề cơ bản về hệ thống chính trị, nhà nước và pháp luật xã hội chủ nghĩa
Format: Sách
Sprog:Undetermined
Udgivet:  Lý luận chính trị  2018
Fag:
Tags: Tilføj Tag
Ingen Tags, Vær først til at tagge denne postø!
Thư viện lưu trữ: Trung tâm Thư viện - Trường Đại học Công nghiệp TP. Hồ Chí Minh
LEADER 00690nam a2200145Ia 4500
001 UIH_08290
008 241002s9999 xx 000 0 und d
082 |a  320.4597 
100 |a  Những vấn đề cơ bản về hệ thống chính trị, nhà nước và pháp luật xã hội chủ nghĩa 
245 0 |a  Những vấn đề cơ bản về hệ thống chính trị, nhà nước và pháp luật xã hội chủ nghĩa 
260 |b  Lý luận chính trị 
260 |c  2018 
650 |a Khoa học chính trị 
927 |a Sách 
980 |a Trung tâm Thư viện - Trường Đại học Công nghiệp TP. Hồ Chí Minh